000 01295nam a2200313 i 4500
001 bg
003 BPK
005 20191016080517.0
008 040311s2002 pl a |100 0 pol
015 _aPB 2007/1819
020 _a8373650113
040 _aWA N
_cBPK
080 _a551.43(438)
080 _a556.5(438)
080 _a(06)
245 0 0 _aBliskie naturze kształtowanie dolin rzecznych :
_bmateriały ogólnopolskiej konferencji naukowej, Sarbinowo, 26-28 września 2002 /
_cred. Wojciech Puchalski, Jolanta K. Pawelczuk ; Katedra Biologii Środowiskowej Politechniki Koszalińskiej [et al.].
260 _aKoszalin :
_bWydawnictwo Uczelniane Politechniki Koszalińskiej,
_c2002.
300 _a202 s. :
_bil. ;
_c24 cm.
504 _aBibliogr. przy ref.
650 4 _aDoliny
_zPolska.
650 4 _aRzeki
_zPolska.
655 4 _aMateriały konferencyjne
700 1 _aPuchalski, Wojciech.
_eRed.
700 1 _aPawelczuk, Jolanta K.
_eRed.
710 2 _aPolitechnika Koszalińska.
_bWydawnictwo Uczelniane.
_4pbl.
856 _uhttp://koha.tu.koszalin.pl/cgi-bin/koha/opac-detail.pl?biblionumber=41795
_yKatalog online BPK
856 _uhttp://dlibra.tu.koszalin.pl/dlibra/docmetadata?id=621
_yBiblioteka Cyfrowa
942 _2UKD
_cKS
999 _c41795
_d41795